00675nam a2200193Ia 450000500170000000800410001702000180005804000180007604100080009408200220010210000230012424501200014725000060026726000610027330000280033465000370036265000440039965000380044320220829103028.0210716s2007 xx 000 0 und d a9780070633780 cAIMIT LIBRARY aeng a005.304 21bNANR aNandyal, Raghav S. aMaking sense of software quality assurance :bgaining from quality audits and assessments /cBy Raghav S. Nandyal. a1 aNew DelhibTata McGraw Hill Publishing Company Ltdc2007 axxviii,350 p. ;c26 cm. aClasses of audits and appraisals aPlanning and preparing for information  aVerificationof objective evidence